Sports Quiz

Random Sports or NBA Quiz

1990 NBA 3-Point Shootout participants Quiz Stats

 Plays Quiz not verified by Sporcle

Score 0/8 Timer 05:00
0 Plays Today
% Correct
Reggie Miller
99%
Larry Bird
99%
Michael Jordan
98%
Mark Price
87.8%
Craig Hodges
76.5%
Craig Ehlo
72.4%
Bobby Hansen
30.6%
Jon Sundvold
28.6%

You're not logged in!

Compare scores with friends on all Sporcle quizzes.
OR
Log In

Show Comments

Extras

Top Quizzes Today


Score Distribution

Your Account Isn't Verified!

In order to create a playlist on Sporcle, you need to verify the email address you used during registration. Go to your Sporcle Settings to finish the process.

Report this User

Report this user for behavior that violates our Community Guidelines.

Details: